5 plus grandes villes de France par lettre contenue - Statistiques

Statistiques générales
  • Ce quiz a été pris 60 fois
  • Le résultat moyen est 34 sur 65
Statistiques - réponses
Lettres Commune % Correct
LNOY Lyon
98%
AIPRS Paris
98%
ABDORUX Bordeaux
96%
AEILMRS Marseille
96%
ABGORSTU Strasbourg
96%
ELOSTU Toulouse
96%
IL Lille
93%
AENST Nantes
93%
CEIN Nice
93%
B Brest
89%
EILMNOPRT Montpellier
85%
Y Nancy
85%
DJ Dijon
83%
N Rennes
83%
Z Metz
80%
M Nîmes
80%
G Angers
76%
BG Grenoble
76%
M Reims
76%
KQ Dunkerque
74%
TU Toulon
72%
CDFM Clermont-Ferrand
70%
HV Le Havre
70%
Q Quimper
70%
D Saint-Denis (93)
70%
D Saint-Denis (974)
70%
CPVX Aix-en-Provence
67%
CY Annecy
65%
C Boulogne-Billancourt
63%
H La Rochelle
63%
GP Perpignan
61%
H Mulhouse
59%
V Avignon
57%
G Limoges
57%
BUV Villeurbanne
57%
J Ajaccio
52%
H Cherbourg-en-Cotentin
52%
X Roubaix
50%
Z Béziers
48%
Z Charleville-Mézières
46%
Z Saint-Nazaire
33%
F Fort-de-France
30%
X Issy-les-Moulineaux
30%
X Vénissieux
30%
VY Vitry-sur-Seine
30%
FJ Fréjus
28%
K Kourou
28%
Q Saint-Quentin
26%
W Wattrelos
26%
W Wasquehal
22%
P Saint-Paul
20%
Q Villeneuve-d'Ascq
20%
Y Aulnay-sous-Bois
13%
W Wattignies
13%
J Mantes-la-Jolie
9%
FJ Villejuif
9%
H Champigny-sur-Marne
7%
K Le Kremlin-Bicêtre
7%
K Malakoff
7%
W Longwy
4%
Q Marcq-en-Barœul
4%
Z Rezé
4%
W Wittenheim
4%
K Illkirch-Graffenstaden
2%
F Saint-Maur-des-Fossés
2%
Aucun quiz correspondant
Distribution des résultats
% des personnes avec chaque résultat
Percentile par nombre de réponses
Votre historique - résultats
Vous n’avez pas pris ce quiz